00705cam a2200205 a 4500001001000000003000900010005001700019008004100036035001300077040003200090041000800122082002800130100003500158245009800193260006200291300002100353504003200374650004700406651004600453000013041DO-SdBNP20250721133537.0810323s1974 pr b 000 0 spa  a80146401 aDO-SdBNPbspacBNPHUdBNPHU aspa a352.14097295bC292c2221 aCaro Costas, Aída R.,d1962-13aEl cabildo o régimen municipal puertorriqueño en el siglo XVIII /cAída R. Caro Costas. aSan Juan :bInstituto de Cultura Puertorriqueña,c1974. av. <2> ;c24 cm. aBibliografía: p. 283-286. 0aGobierno municipal zPuerto RicoxHistoria 4aPuerto RicoxPolítica Y Gobiernoy1898.